| 000 | 01340nam a2200373 a 4500 | ||
|---|---|---|---|
| 999 |
_c28259 _d28230 |
||
| 001 | 4909735 | ||
| 003 | EG-ScBUE | ||
| 005 | 20200308101806.0 | ||
| 008 | 941230t1995 maua f bd 001 0 eng d | ||
| 020 | _a0395697522 | ||
| 020 | _a9780395697528 | ||
| 040 |
_aDLC _beng _erda _cDLC _dEG-ScBUE |
||
| 082 | 0 | 4 |
_a305.231 _bBUK _222 |
| 100 | 1 |
_aBukatko, Danuta, _d1949- _eauthor. |
|
| 245 | 1 | 0 |
_aChild development : _ba thematic approach / _cDanuta Bukatko, College of the Holy Cross, Marvin W. Daehler, University of Massachusetts, Amherst. |
| 250 | _aSecond edition. | ||
| 264 | 1 |
_aBoston, MA : _bHoughton Mifflin Company, _c[1995] |
|
| 264 | 4 | _cc1995 | |
| 300 |
_axxix, 753 pages : _billustrations (some color) ; _c26 cm |
||
| 336 |
_2rdacontent _atext _btxt |
||
| 337 |
_2rdamedia _aunmediated _bn |
||
| 338 |
_2rdacarrier _avolume _bnc |
||
| 500 | _aIncludes glossary. | ||
| 504 | _aIncludes bibliographical references and index. | ||
| 546 | _aIn English; summary in English. | ||
| 650 | 7 |
_aChild development. _2BUEsh |
|
| 653 |
_bGGEN _cMarch2020 |
||
| 655 |
_vReading book _934232 |
||
| 700 | 1 |
_aDaehler, Marvin W., _d1942- _eauthor. |
|
| 906 |
_a7 _bcbc _corignew _d2 _eopcn _f19 _gy-gencatlg |
||
| 942 |
_2ddc _cBB |
||